Комбинированное использование ресурсов поверхностных и подземных вод

書目詳細資料
主要作者: Ковалевский В. С. Владимир Серафимович
企業作者: Российская академия наук (РАН) Институт водных проблем (ИВП)
總結:В работе рассматриваются теоретические и методические основы надежности функционирования систем совместного использования поверхностных и подземных вод (СИППВ). В том числе разработана концепция СИППВ, рассмотрены закономерности чередований маловодных и многоводных серий, предложена методика динамико-стохастического моделирования внутригодового гидродинамического режима подземных вод. Разработана методика оптимизации выбора производительности компенсационных водозаборов подземных вод для покрытия дефицитов поверхностного стока, рассмотрены экологические и экономические аспекты функционирования СИППВ. Разработанные методологические подходы апробированы на ряде примеров малых водосборов незарегулированных рек Московского региона, что показало возможность повышения использования водных ресурсов в 3-5 раз.
語言:俄语
出版: Москва, Научный мир, 2001
主題:
格式: 圖書
KOHA link:https://koha.lib.tpu.ru/cgi-bin/koha/opac-detail.pl?biblionumber=88272

MARC

LEADER 00000nam0a2200000 4500
001 88272
005 20231031102550.0
010 |a 5891761270 
035 |a (RuTPU)RU\TPU\book\94752 
090 |a 88272 
100 |a 20051222d2001 k y0rusy50 ca 
101 0 |a rus 
102 |a RU 
105 |a a z 001zy 
200 1 |a Комбинированное использование ресурсов поверхностных и подземных вод  |f В. С. Ковалевский  |g Российская академия наук; Институт водных проблем 
210 |a Москва  |c Научный мир  |d 2001 
215 |a 332 с.  |c ил. 
320 |a Библиография в конце книги. 
330 |a В работе рассматриваются теоретические и методические основы надежности функционирования систем совместного использования поверхностных и подземных вод (СИППВ). В том числе разработана концепция СИППВ, рассмотрены закономерности чередований маловодных и многоводных серий, предложена методика динамико-стохастического моделирования внутригодового гидродинамического режима подземных вод. Разработана методика оптимизации выбора производительности компенсационных водозаборов подземных вод для покрытия дефицитов поверхностного стока, рассмотрены экологические и экономические аспекты функционирования СИППВ. Разработанные методологические подходы апробированы на ряде примеров малых водосборов незарегулированных рек Московского региона, что показало возможность повышения использования водных ресурсов в 3-5 раз. 
610 1 |a гидрология 
610 1 |a гидродинамические режимы 
610 1 |a воды поверхностные 
610 1 |a воды подземные 
610 1 |a комбинированное использование 
610 1 |a изменчивость 
610 1 |a прогноз 
610 1 |a водоотводы 
610 1 |a экологические аспекты 
610 1 |a экономические аспекты 
610 1 |a Россия 
610 1 |a Московский регион 
610 1 |a природно-техногенные условия 
610 1 |a климатические изменения 
610 1 |a водообеспеченность 
610 1 |a водные ресурсы 
675 |a 556.18  |v 3 
675 |a 556.3  |v 3 
675 |a 626.81  |v 3 
700 1 |a Ковалевский  |b В. С.  |g Владимир Серафимович 
712 0 2 |a Российская академия наук (РАН)  |b Институт водных проблем (ИВП)  |c (Москва)  |2 stltpush  |3 (RuTPU)RU\TPU\col\563 
801 1 |a RU  |b 63413507  |c 20051222  |g PSBO 
801 2 |a RU  |b 63413507  |c 20080402  |g PSBO 
942 |c BK